000 00748nam a2200229Ia 4500
003 OSt
005 20220923214215.0
006 a|||||r|||| 00| 0
007 ta
008 220922b |||||||| |||| 00| 0 hin d
024 _a167,903
037 _cTextual
040 _aARTS
_cARTS
_bhin
041 _2hin
_ahin
082 _aO152:1CH:1, K2
100 _aच्रंद्रवान चारण, संपा.
_9156925
245 0 _aगोगाजी चौहान री राजस्थानी गाथा
246 _aGogājī chauhān rī rājasthānī gāthā
260 _c1962
942 _hO152:1CH:1, K2
_cTEXL
_2CC
999 _c322373
_d322373